Top 50 biggest cities in 1950,2000,2020,2050,2100 - Statistics

General Stats
  • This quiz has been taken 47 times
  • The average score is 145 of 250
Answer Stats
Answer % Correct
London
94%
New York
91%
Paris
91%
Tokyo
91%
Berlin
86%
Shanghai
86%
Chicago
83%
Madrid
83%
Beijing
80%
Delhi
80%
Barcelona
77%
Istanbul
77%
Mexico City
77%
Mumbai
77%
Jakarta
74%
Los Angeles
74%
Moscow
74%
Sao Paulo
71%
Osaka
71%
Sao Paulo
71%
Seoul
71%
Cairo
69%
Amsterdam
66%
Bangkok
66%
Dhaka
66%
Johannesburg
66%
Rio de Janeiro
66%
Rome
66%
Lagos
63%
Manila
63%
St Petersburg
63%
Bogota
60%
Guangzhou
60%
Ho Chi Minh
60%
Kolkata
60%
Lahore
60%
Buenos Aires
57%
Karachi
57%
Miami
57%
Nairobi
57%
Washington
57%
Baghdad
54%
Chennai
54%
Lima
54%
Toronto
54%
Athens
51%
Santiago
51%
Tehran
51%
Bangalore
49%
Houston
49%
Kinshasa
49%
Milan
49%
Wuhan
49%
Accra
46%
Boston
46%
Dallas
46%
Hamburg
46%
Luanda
46%
Nagoya
46%
Philadelphia
46%
Abidjan
43%
Ahmedabad
43%
Hyderabad
43%
Singapore
43%
Addis Ababa
40%
Chongqing
40%
Lissbon
40%
Niamey
40%
Tianjin
40%
Vienna
40%
Caracas
37%
Kampala
37%
Khartoum
37%
Detroit
34%
Kano
34%
Guadalajara
29%
Prague
29%
Sanaa
29%
Bamako
26%
Monterrey
26%
Kabul
23%
Mogadishu
23%
Mombasa
23%
Dar es Salam
20%
Ibadan
20%
Lilongwe
20%
Faisalabad
17%
Jaipur
14%
Lubumbashi
14%
Napoli
14%
Kaduna
11%
Douala
9%
Aleppo
3%
Basra
3%
Mosul
3%
No matching quizzes found
Score Distribution
Percent of People with Each Score
Percentile by Number Answered
Your Score History
You have not taken this quiz